[Event "EU-ch 20th"]
[Site "Skopje"]
[Date "2019.03.29"]
[Round "11"]
[White "Model game 1: Gledura, Benjamin"]
[Black "Grandelius, Nils"]
[Result "0-1"]
[Annotator "Kuljasevic, Davorin"]
[BlackElo "2694"]
[EventCountry "MKD"]
[EventDate "2019.03.18"]
[EventRounds "11"]
[EventType "swiss"]
[Source "ChessBase"]
[SourceDate "2019.04.29"]
[SourceQuality "1"]
[SourceTitle "CBM 189"]
[SourceVersion "1"]
[SourceVersionDate "2019.04.29"]
[Tiebreak "Sum of Buchholz"]
[WhiteElo "2630"]

1.Nf3 ( { A more common move order to reach the game position is: } 1.c4 c5
2.Nc3 Nc6 3.g3 g6 4.Bg2 Bg7 5.Nf3 e5 6.a3 Nge7 7.Rb1 O-O 8.d3 a5 9.O-O d6
{ with a transposition into the game. } ) 1...c5 2.c4 Nc6
{ Symmetrical variation is a very popular way to meet the English opening.
It often leads to centrally balanced yet complex middlegame battles.
Black's best development plan is ...Nc6 and ...g6, ...Bg7 in order to fight for the control of the important central d4-square. For that purpose,
Black usually develops his knight to e7 rather than f6, where it would obstruct the Bg7. In this chapter, we will examine a middlegame tabiya that arises when Black plays the ambitious ...e7-e5 which virtually prevents White's d4-break altogether. Naturally, the main downside of this move is
that leaves the d5-square weakened. Having the first-move advantage, White typically tries to utilize this slight weakening take a positional initiative in the middlegame. }
3.Nc3 e5 4.g3 g6 5.Bg2 Bg7 6.O-O d6 7.a3 Nge7 8.d3 O-O 9.Rb1 a5
{ [%cal Gb2b4,Yd6d5,Yc8e6] [#] This is an important middlegame tabiya of the symmetrical English, with over 2000 recorded games to its account. Black is not inferior in the center although his pawn structure is less flexible with the pawn on e5 instead of e6. He would very much like to play ...d6-d5 not only to get rid of the backward d-pawn but also to create a reversed Maroczy bind which provides him with a space advantage. Meanwhile, White's task is to frustrate this plan either by direct means, such as putting his knight on d5, or indirect ones, such as preparing a quick b4-break or targeting Black's weak queenside pawns. Usually, the side that wins the strategic battle for the d5-square gets the upper hand in the middlegame. Let's see now how this dynamic typically plays out in grandmaster games. }
10.Ne1
{ [%cal Ge1c2,Yb2b4,Yc2e3,Gd6d5] This has historically been the most popular move. It is completely natural to open the diagonal for the English bishop and maneuver the knight to c2. This way, it can join the fight for the d5-square via e3 while also supporting the b2-b4 break. However, as we will see in the first model game, Black have found a good antidote to this plan. }
( 
{ Some players have realized that it is better to keep the knight on f3 for
the time being in order to slow down Black's ...Be6,. ..d5 plan (due to the
Ng5-sortie). For that purpose, the most useful move is } 10.Bd2
{ [%cal Yf3g5,Rc8e6] which will be covered in the Model games 2 and 3. } ) ( 
{ In model game 4, we will see } 10.Bg5 { aimed at provoking } 10...f6
{ and then retreating to } 11.Bd2
{ [%csl Yf6,Rg7,Rg8][%cal Yd5g8] White's idea is to weaken the a2-g8 diagonal and shut down the bishop on g7. }
) ( 
{ Finally, in model game 5, we will focus on the modern, modest looking
move } 10.b3
{ [%csl Yd5,Ye4][%cal Gc1b2,Gf3d2,Ye2e3,Gc3d5,Yb7b5] White's idea here is slightly different. He does not plan to push b4 but rather focuses on strong control over the c4-d5 axis and flexibility in the center. }
) 10...Be6 11.Nc2
{ This is still a part of White's maneuver, though a bit slow. } ( 
{ White could stop Black's plan with } 11.Nd5 { but then } 11...Rb8
{ [%csl Yc3][%cal Gb7b5,Yc3b5] highlights the downside of this move - decreased control over b5-square. }
12.Nc2 ( 12.b4 { doesn't work here due to } 12...axb4 13.axb4 Bxd5 14.cxd5
Nxb4 ) 12...b5 $11
{ White can get a better version of this type of position if his knight is
on d2 and bishop on b2, as we will see in the model game 5. } ) ( 
{ Probably the most promising idea that White has at his disposal is } 11.Bg5
f6 12.Be3 $5
{ [%cal Rd6d5] a clever attempt to provoke a slight weakening in black position with }
12...b6
{ [%csl Rc6] Now White can use the tactical advantage of weakened a1-h8 diagonal to push b2-b4 in time: }
13.Nd5 { [%cal Gb2b4] } 13...Rb8 14.b4 axb4 15.Nxe7+
{ [%csl Rc6] The point, as Qxe7 is not possible now. } 15...Nxe7 16.axb4 Qd7
17.Nc2
{ although Black should still get good counterplay on the kingside with }
17...h5 $1 $132 ) 11...d5 12.cxd5 Nxd5
{ [#] Now we have the reversed Maroczy bind on the board. White needs to
act quickly or otherwise Black's space advantage will prove to be a
significant one. } 13.Ne3 Nde7
{ [%csl Rc1,Re3] The most principled reply since piece exchanges favor the side with less space. }
( 13...Nxe3 $5 14.Bxe3 Nd4 15.Bxb7 Rb8 16.Bg2 f5 $44
{ [%csl Rd4] We will see a similar positional pawn sacrifice in the model game 3. }
) 14.Nc4 Rb8 { [%cal Gb7b5] } 15.Bg5 { [%csl Rg5] } 15...f6
{ An important point. The dark-squared bishop is generally White's most
passive piece when Black has c5-d6-e5 pawn center, so he is happy to
exchange it for one of the knights. That's why Black plays this slightly weakening move. }
( 15...h6 16.Bxc6 hxg5 17.Bb5 $5 $13
{ [%csl Gb5,Gc4][%cal Gc4e3,Gb5c4] gives White good control over the light squares. }
) 16.Be3 b6 $1
{ The most precise move. Black doesn't rush but simply improves his
position first. } ( 16...b5 { seems premature as it weakens the c5-pawn. }
17.Nd2 { [%csl Rc5] } 17...Nd4 18.a4 $1 b4 19.Nce4 $132 { [%csl Rc5] } ) ( 
{ The downside of the immediate } 16...Nd4 { is that after } 17.a4 $1
{ [%csl Yc4] White controls the light squares. } 17...Nec6 18.b3 Nb4 19.f4
$13 ) 17.Qa4 $6
{ [%cal Rb6b5] This move is fairly typical in this tabiya (as we will see in the model game 2, for example). However, the queen will turn out to be misplaced here. }
( { The best option would have been } 17.f4
{ [%csl Rg7] trying to open up the center while Bg7 is still passive. Nevertheless, Black has a pleasant position after }
17...b5 18.Nd2 exf4 19.Bxf4 Ne5 $132 { [%cal Ge7f5] } ) ( 17.a4
{ is now met by } 17...Nb4 $1
{ [%csl Yb4,Yd4][%cal Ge7f5,Gf5d4,Ge7c6,Yf6f5] when f2-f4 is much more difficult to play. }
) 17...Nd4 { [%cal Gb6b5] } 18.Bxd4 exd4
{ [#] We have discussed this structure already in the English/reversed
Dragon tabiya chapter. This is an excellent version for Black since the
d4-pawn is well-protected and Black can easily improve his position. Meanwhile, after }
19.Nb5 Nd5 $15
{ [%csl Ra4,Rb5,Yd5,Re2] it becomes clear that Nb5 and Qa4 are misplaced. White position is suspicious so he tried to complicate matters with the risky-looking }
20.b4 axb4 21.axb4 $2 ( 21.Bxd5 Bxd5 22.axb4 Qe7 $15
{ [%csl Re2,Rg1] was the only chance to stay in the game, although Black is still clearly better there. }
) 21...Nxb4 22.Rxb4 cxb4 23.Ncd6 Qe7 $19
{ Positional exchange sacrifices are fairly common in the English opening
but White had no real compensation for it here and he soon lost the game. }
24.Rc1 Rfd8 25.Qxb4 Bf8 26.Qxd4 Rxd6 27.Qxd6 Qxd6 28.Nxd6 Bxd6 29.Rc6 Rc8
30.Rxd6 Rc1+ 0-1

[Event "EU-Cup Online Final"]
[Site "Tornelo INT"]
[Date "2021.03.31"]
[Round "8.3"]
[White "Model game 2: Meier, Georg"]
[Black "Heinemann, Thies"]
[Result "1-0"]
[Annotator "Kuljasevic, Davorin"]
[BlackElo "2502"]
[BlackTeam "Hamburger CC 1830"]
[BlackTeamCountry "GER"]
[EventCountry "NET"]
[EventDate "2021.03.30"]
[EventRounds "9"]
[EventType "team-tourn (rapid)"]
[Source "ChessBase"]
[SourceDate "2021.04.30"]
[SourceQuality "1"]
[SourceTitle "CBM 201"]
[SourceVersion "1"]
[SourceVersionDate "2021.04.30"]
[WhiteElo "2628"]
[WhiteTeam "Deizisau SF"]
[WhiteTeamCountry "GER"]


{ [%evp 0,169,19,27,70,30,30,-3,14,21,17,7,9,3,62,37,27,38,32,20,27,30,32,23,39, 6,19,21,23,24,15,11,11,-5,40,2,9,4,6,-22,29,8,-3,-10,1,0,11,0,0,0,24,25,53,13, 45,27,36,11,7,7,25,15,25,19,43,29,28,17,17,29,28,33,29,29,50,60,50,40,62,60,40, 1,0,0,0,0,0,0,-9,-7,-5,-5,0,-15,0,-31,0,-1,0,58,76,71,68,71,91,91,94,95,100,80, 82,95,97,97,145,91,90,90,90,90,104,97,97,89,100,103,156,173,203,184,218,202, 171,181,249,210,218,226,239,252,290,298,298,174,236,189,176,186,189,189,249, 189,526,662,1016,1016,1015,1016,1016,1016,1022,1032,1032,1032,1032,1032,1032, 1032,29979,29980,29981,29982] }
1.Nf3 c5 2.c4 Nc6 3.g3 g6 4.Bg2 Bg7 5.O-O d6 6.Nc3 e5 7.d3 Nge7 8.a3 O-O
9.Rb1 a5 10.Bd2
{ [#] This is a good waiting move which allows White to complete his
development before deciding what to do with his f3-knight. The bishop can
support b2-b4 from d2, while clearing the first rank at the same time. Black needs to find a useful move now, as well, since the most natural
10...Be6 isn't too attractive due to Nf3-g5. } 10...Rb8 ( 10...Be6
{ can be met by } 11.Qc1 $5 { [%cal Rd6d5] and if } 11...d5 { then } 12.Ng5
{ is unpleasant } ) ( 10...h6 $5 { [%cal Gc8e6] seems like a safe bet. } )
11.Qa4 $5
{ [%csl Yc1][%cal Gf1c1,Ga4d1] A very interesting idea. The queen is sufficiently annoying on a4 (putting pressure on the a5-pawn and covering the b5-square) but the main idea is to transfer the rook to c1 in order to indirectly attack the c5-pawn and thus discourage Black from pushing the thematic ...d6-d5. }
11...Bd7
{ [%csl Ra4] Clearly taking aim at the white queen, although this plan seems less to the point compared to the standard ...h6, ... Be6, ...d5. }
( 11...h6 $5
{ looks more consistent with Black's positional needs in this tabiya than
the text } 12.Rfc1 { [%csl Rc5][%cal Rd6d5] } 12...Be6 13.Qd1 b6
{ [%cal Gd6d5] } 14.Ne1 { and now } 14...d5
{ might be slightly premature due to } ( 
{ It is better to keep the tension with something like } 14...Kh7 $1 $13
15.Nc2 ( 15.Nd5 b5 ) 15...d5 ) 15.cxd5 Nxd5 16.Nxd5 Bxd5 17.b4
{ [%csl Yc1,Rc5, Rc6] and we can see once again how useful it is to have a rook on c1 in this position. }
) ( 11...Be6 $5 { is also possible, as we will see in Model game 3. } )
12.Rfc1 Nd4 $6
{ Black abandons control over the b4-square for the sake of one tempo. } ( 
12...h6 $142 { [%cal Gd7e6,Yd6d5] } ) 13.Qd1
{ [%csl Rd4][%cal Gb2b4] [#] There is no good way for Black to stop the b4-break now. His own d5-break is still work in progress, so it becomes clear that White obtains an advantage in the early middlegame. }
13...Bc6 ( 13...Nxf3+ 14.Bxf3 Nc6 15.Nb5 $16 { [%csl Yd2, Rd6][%cal Gb2b4] }
) ( 13...Nec6 14.Nd5 $16 { [%cal Gb2b4] } ) 14.e3 Ne6 15.b4 { [%csl Rc6] }
15...axb4 16.axb4 cxb4 17.Rxb4 { Now Black gets to play } ( 
{ White could have secured a serious positional advantage with } 17.Nb5 $1
{ [%cal Gd2b4] preparing the strong Bxb4. } 17...e4 ( 17...d5 18.Bxb4 $16
{ [%csl Re7] } ) 18.Ne1 $16 ) 17...d5 { and his position after } 18.cxd5 Nxd5
19.Rbb1
{ [%csl Yb1,Rb7,Yc1] is only slightly worse. White has a slightly better pawn structure (isolated b-pawn) and a long-term pressure on the queenside thanks to his active rooks. }
19...Ne7 ( 19...b5 $6 20.Nxd5 Bxd5 21.e4 Ba8 22.Bc3 $16
{ [%csl Ra8,Re5][%cal Rb5b4] } ) 20.Ne1 Qd7 21.Bxc6 bxc6 22.Qa4 $14
{ [%csl Rc6,Gd3,Rg7] } 22...Rxb1 23.Rxb1 Rd8 24.Qc4 h5 25.h4 Qa7 26.Kf1 Rb8
27.Qa4 Qc7 28.Ke2 Rxb1 29.Nxb1 Qb7 30.Nc3 Nc5 31.Qc4 Nb3 32.Nf3 Nxd2 33.Nxd2
Nd5 34.Nce4 Qb5 35.Nd6 Qxc4 36.N2xc4 f6 37.Nb7 Bf8 38.Nd8 Nb4 39.Na5 c5
40.Nc4 Be7 41.Nb7 Kf7 42.Nba5 Ke6 43.Nb3 g5 44.hxg5 fxg5 45.Nbd2 h4 46.g4 h3
47.Nf3 Nc6 48.Ncd2 Nb4 49.Nf1 Kd5 50.e4+ Ke6 51.Ng1 Nc6 52.Nxh3 Nd4+ 53.Kd1
Bd8 54.Ng1 Ba5 55.Nh2 Kf6 56.Nhf3 Nc6 57.Ne2 Nb4 58.Nc1 Bc7 59.Ke2 Bd6 60.Nb3
Nc6 61.Nbd2 Bc7 62.Nc4 Ne7 63.Ne3 Ke6 64.Kd2 Kf6 65.Nd5+ Nxd5 66.exd5 c4
67.Kc3 cxd3 68.Kxd3 Bb6 69.Nd2 e4+ 70.Nxe4+ Ke5 71.Nxg5 Bxf2 72.Ne4 Bb6 73.d6
Bd8 74.Ke3 Bh4 75.Kf3 Bd8 76.d7 Ke6 77.Nc5+ Kd6 78.Nb7+ Kxd7 79.Nxd8 Kxd8
80.Kf4 Ke7 81.Kg5 Kf7 82.Kh6 Kg8 83.g5 Kh8 84.g6 Kg8 85.g7 1-0

[Event "Gibraltar Masters 16th"]
[Site "Caleta"]
[Date "2018.01.27"]
[Round "5"]
[White "Model game 3: Gledura, Benjamin"]
[Black "Vachier Lagrave, Maxime"]
[Result "1/2-1/2"]
[Annotator "Kuljasevic, Davorin"]
[BlackElo "2793"]
[EventCountry "GGB"]
[EventDate "2018.01.23"]
[EventRounds "10"]
[EventType "swiss"]
[Source "ChessBase"]
[SourceDate "2018.03.14"]
[SourceQuality "1"]
[SourceTitle "CBM 183"]
[SourceVersion "1"]
[SourceVersionDate "2018.03.14"]
[WhiteElo "2612"]


{ [%evp 0,62,29,28,55,16,16,16,20,12,36,36,29,24,39,24,26,25,25,20,30,30,27,15, 50,3,20,49,2,-4,27,36,35,11,0,17,15,2,53,-6,0,-11,-23,-100,-83,-67,-62,-38,-44, -47,-49,-36,-44,-13,-30,-49,-49,-47,-35,-23,-62,-62,-52,-51,-52] }
1.Nf3 c5 2.c4 Nc6 3.Nc3 e5 4.g3 g6 5.Bg2 Bg7 6.O-O Nge7 7.a3 O-O 8.d3 d6
9.Rb1 a5 10.Bd2 Rb8 11.Qa4 Be6 $5
{ [%cal Gd6d5] Interestingly, Black can play this way without having to prepare it with 11...h6. }
12.Nb5 ( { In the event of } 12.Ng5 { Black goes } 12...Bd7
{ and claims that the knight is misplaced on g5. For example: } 13.Rfc1 b6
14.Qd1 h6 15.Nf3 Be6 { [%cal Gd6d5] } ( 15...f5 $5 $13 { [%cal Gg6g5] } ) )
12...d5 13.cxd5 Bxd5 ( 13...Nxd5 { would be very bad because of } 14.Ng5
{ [%csl Re6] } ) 14.Nc3 Be6 15.Ng5 Bf5
{ [#] The bishop is chased around, but Black is happy with the fact that he
has achieved the Maroczy bind structure. He only needs to consolidate his
queenside for complete strategic success. However, Gledura decided to throw spanner in the works with }
16.Nge4 $5 { [%csl Rc5] } ( 16.Rfc1 Qd7 17.Qd1
{ would be a calmer alternative, when it is clear that Black is completely
fine once he plays } 17...b6 $11 { [%cal Gc6d4] } ) 16...b6 17.Nxc5 bxc5
18.Bxc6 Nxc6 19.Qxc6 Rc8 $44
{ [%csl Yf5,Yg7][%cal Gc5c4] As a result of this tactical operation, White has won a pawn. In return, Black gets the bishop pair and strong presence on the light squares in the absence of the English bishop. This is enough for full positional compensation, as MVL proved in the remainder of the game. }
20.Qf3 c4 21.e4 Be6 22.Rfd1 cxd3 ( 22...h5 $5 $44 { [%cal Ge6g4] } ) 23.Be1
{ White gave back the pawn to complete a consolidating maneuver. The
position remains balanced. } 23...Bc4 24.b3 Ba6 25.b4 ( 25.Nd5 f5 $132 )
25...axb4 26.axb4 Bc4 27.Nd5 f5 28.Rxd3 $1
{ The exchange sacrifice seems like the best solution here. White will have
full compensation thanks to his strong Nd5 and the b5-pawn. } 28...fxe4
29.Qxe4 Bxd3 30.Qxd3 $44 { [%csl Yd5][%cal Gb4b6,Gd3b3] } 30...Rf7 31.Qb3 Kh8
1/2-1/2